|
|
|
|
| LEADER |
00000nab a2200000 ar4500 |
| 001 |
vtls010084208 |
| 003 |
SK-MaSNL |
| 005 |
20260318124022.0 |
| 008 |
100413c2010 xo |||||||| 000 b|hun |
| 015 |
|
|
|a SNBRB2010/04
|2 snkbucl
|
| 038 |
|
|
|a SNKBUCL
|
| 040 |
|
|
|a DSZK
|b slo
|c DSZK
|e AACR2
|
| 041 |
0 |
|
|a hun
|
| 044 |
|
|
|a xo
|c SK
|
| 080 |
|
|
|a 324:342.53
|x (437.6)
|2 2001
|
| 080 |
|
|
|a 342.849.2
|x (437.6)
|2 2001
|
| 080 |
|
|
|a 329.4
|x (437.6)
|x (=511.141)
|b SMK
|2 2001
|
| 245 |
0 |
0 |
|a Kiskirályság Komáromban?
|b akadályok az MKP komáromi kampányzáró rendezvények megszervezése körül
|c [beszélgetett] (szu), Peczár Károly
|
| 300 |
|
|
|b Fotogr.
|
| 610 |
2 |
7 |
|a Strana maďarskej koalície - Magyar Koalíció Pártja
|2 snkbucl
|9 229268
|
| 648 |
|
7 |
|a 2010
|2 snkbucl
|9 324355
|
| 650 |
0 |
7 |
|a parlamentné voľby
|2 SNKPH
|9 1623
|
| 650 |
0 |
7 |
|a volebná kampaň
|2 SNKPH
|9 4513
|
| 651 |
|
7 |
|a Slovensko
|2 SNKPHgeo
|9 14231
|
| 651 |
|
7 |
|a Komárno (Slovensko)
|2 SNKPHgeo
|9 39168
|
| 655 |
|
7 |
|a rozhovory
|2 SNKPH
|9 31831
|
| 700 |
1 |
|
|a Peczár, Károly,
|d 1972-
|4 ive
|4 aut
|9 895710
|
| 773 |
0 |
|
|t Szabad újság
|g Évf. XVIII, sz. 14 (2010), o. 11
|x 1335-6631
|
| 852 |
|
|
|a SNK
|b KIS3GCP
|
| 852 |
|
|
|a DSZK
|b KIS3GCP
|
| 958 |
|
|
|a HU
|
| 958 |
|
|
|a SK
|
| 999 |
|
|
|c 2673545
|d 2675475
|